000
00225 a2200109 4500
001
9787
090
_c
7726
_d
7726
100
_a
French, T E
245
_a
Fundamental of Engg Drawing, 4/e
250
_a
4
260
_b
Mc Graw Hill
_c
1978
942
_a
NUST-CAE
999
_c
244860
_d
244860